| 000 | 01251nam0a22002771 4500 | ||
|---|---|---|---|
| 001 | rc\4224279 | ||
| 005 | 20260407083818.0 | ||
| 021 |
_aRU _b[68-58750] |
||
| 035 | _a(NLR Aleph) 008460840 | ||
| 090 |
_a7868428 _c7868428 |
||
| 100 | _a20130416g19671968|||y0rusy50 ca | ||
| 101 | 0 | _arus | |
| 102 | _aRU | ||
| 105 | _aa z ||||| | ||
| 200 | 1 |
_aАктуальные вопросы педиатрической анестезиологии _e[Сборник статей] _fПод ред. проф. А.З. Маневича _gМ-во здравоохранения РСФСР. Моск. науч.-исслед. ин-т педиатрии и дет. хирургии МЗ РСФСР |
|
| 210 |
_aМосква _cБ. и. _d1967 [вып. дан. 1968] |
||
| 215 |
_a190 с. _cил. _d22 |
||
| 320 | _aБиблиогр. в конце статей | ||
| 606 |
_aОбезболивание в педиатрии _jСборники _2psbo |
||
| 702 | 1 |
_aМаневич _bА.З. _gАлексей Зиновьевич _4340 |
|
| 712 | 0 | 2 |
_aМосковский НИИ педиатрии и детской хирургии _3RU\NLR\AUTH\8810044761 _9588947 |
| 801 | 0 |
_aRU _bNLR _gpsbo |
|
| 801 | 1 |
_aRU _bELAR _2rusmarc |
|
| 852 |
_aNLR _j68-5/3856 |
||
| 942 | _cBOOK | ||
| 980 | _aNB | ||